[Event "45th FIDE Chess Olympiad Open"]
[Site "Budapest, Hungary"]
[Date "2024.09.21"]
[Round "10"]
[White "KIGIGHA, Bomo Lovet"]
[Black "Ssegwanyi, Arthur"]
[Result "1-0"]
[Board "201"]
[WhiteFideId "8500037"]
[BlackFideId "10000100"]
[WhiteTitle "FM"]
[BlackTitle "IM"]
[WhiteElo "2217"]
[BlackElo "2365"]
[WhiteTeam "Nigeria"]
[BlackTeam "Uganda"]
[WhiteClock "0:33:15"]
[BlackClock "0:06:31"]
[Variant "Standard"]

1. d4 {[%clk 1:30:56]}  Nf6 {[%clk 1:30:31]} 2. c4 {[%clk 1:31:14]}  e6 {[%clk 1:30:47]} 3. Nf3 {[%clk 1:31:32]}  d5 {[%clk 1:31:03]} 4. Nc3 {[%clk 1:31:41]}  Nbd7 {[%clk 1:30:26]} 5. cxd5 {[%clk 1:31:56]}  exd5 {[%clk 1:30:39]} 6. Bg5 {[%clk 1:32:18]}  h6 {[%clk 1:29:30]} 7. Bh4 {[%clk 1:31:31]}  Be7 {[%clk 1:27:09]} 8. e3 {[%clk 1:31:54]}  c6 {[%clk 1:27:06]} 9. Bd3 {[%clk 1:32:16]}  O-O {[%clk 1:26:09]} 10. Qc2 {[%clk 1:32:34]}  Re8 {[%clk 1:16:17]} 11. h3 {[%clk 1:32:19]}  a6 {[%clk 1:14:44]} 12. Bg3 {[%clk 1:25:41]}  Bb4 {[%clk 0:55:11]} 13. O-O {[%clk 1:25:50]}  Qe7 {[%clk 0:55:33]} 14. Ne5 {[%clk 1:15:46]}  c5 {[%clk 0:50:31]} 15. a3 {[%clk 1:03:55]}  Bxc3 {[%clk 0:49:09]} 16. bxc3 {[%clk 1:03:16]}  c4 {[%clk 0:49:18]} 17. Be2 {[%clk 0:59:44]}  Ne4 {[%clk 0:49:09]} 18. Bh2 {[%clk 1:00:05]}  Nxe5 {[%clk 0:46:31]} 19. Bxe5 {[%clk 0:59:51]}  Bf5 {[%clk 0:44:46]} 20. Qb2 {[%clk 0:56:03]}  b5 {[%clk 0:37:57]} 21. a4 {[%clk 0:43:27]}  bxa4 {[%clk 0:37:43]} 22. Rxa4 {[%clk 0:42:36]}  Nc5 {[%clk 0:37:52]} 23. Ra5 {[%clk 0:39:39]}  Nd3 {[%clk 0:30:19]} 24. Bxd3 {[%clk 0:40:00]}  Bxd3 {[%clk 0:30:42]} 25. Rfa1 {[%clk 0:40:20]}  Qg5 {[%clk 0:30:36]} 26. Rxa6 {[%clk 0:35:24]}  Rxa6 {[%clk 0:30:44]} 27. Rxa6 {[%clk 0:35:50]}  Be4 {[%clk 0:31:02]} 28. Bg3 {[%clk 0:35:16]}  h5 {[%clk 0:30:56]} 29. h4 {[%clk 0:35:33]}  Qg4 {[%clk 0:30:59]} 30. Kh2 {[%clk 0:35:31]}  Qd1 {[%clk 0:30:38]} 31. Qb5 {[%clk 0:29:53]}  Rf8 {[%clk 0:26:07]} 32. f3 {[%clk 0:28:49]}  Bxf3 {[%clk 0:26:14]} 33. gxf3 {[%clk 0:29:16]}  Qe2+ {[%clk 0:26:30]} 34. Kg1 {[%clk 0:29:20]}  Qxf3 {[%clk 0:26:31]} 35. Bf2 {[%clk 0:29:22]}  Qg4+ {[%clk 0:24:10]} 36. Kf1 {[%clk 0:29:27]}  Qd1+ {[%clk 0:24:12]} 37. Kg2 {[%clk 0:29:45]}  Qg4+ {[%clk 0:24:21]} 38. Bg3 {[%clk 0:29:48]}  Qe2+ {[%clk 0:19:24]} 39. Bf2 {[%clk 0:29:54]}  Qg4+ {[%clk 0:19:05]} 40. Kh2 {[%clk 0:30:21]}  Qf3 {[%clk 0:19:11]} 41. Ra2 {[%clk 0:30:32]}  Rd8 {[%clk 0:12:32]} 42. Qb1 {[%clk 0:29:07]}  Re8 {[%clk 0:12:46]} 43. Qh1 {[%clk 0:27:46]}  Qf5 {[%clk 0:12:32]} 44. Qg2 {[%clk 0:23:51]}  Re4 {[%clk 0:12:38]} 45. Ra1 {[%clk 0:17:03]}  Rg4 {[%clk 0:30:21]} 46. Bg3 {[%clk 0:46:06]}  Qe6 {[%clk 0:22:28]} 47. Qf3 {[%clk 0:44:00]}  g6 {[%clk 0:21:40]} 48. Ra5 {[%clk 0:43:26]}  Re4 {[%clk 0:19:44]} 49. Bf4 {[%clk 0:40:33]}  Qf5 {[%clk 0:19:14]} 50. Qh3 {[%clk 0:32:44]}  Rxf4 {[%clk 0:17:24]} 51. exf4 {[%clk 0:33:10]}  Qxf4+ {[%clk 0:17:42]} 52. Qg3 {[%clk 0:33:37]}  Qd2+ {[%clk 0:17:39]} 53. Kh3 {[%clk 0:34:01]}  Qd1 {[%clk 0:17:13]} 54. Ra2 {[%clk 0:33:20]}  Qh1+ {[%clk 0:17:20]} 55. Rh2 {[%clk 0:33:46]}  Qf1+ {[%clk 0:17:32]} 56. Rg2 {[%clk 0:34:01]}  Qh1+ {[%clk 0:17:37]} 57. Qh2 {[%clk 0:34:25]}  Qe1 {[%clk 0:16:48]} 58. Rg3 {[%clk 0:33:51]}  Qe6+ {[%clk 0:15:36]} 59. Kg2 {[%clk 0:33:59]}  Qe2+ {[%clk 0:15:41]} 60. Kh1 {[%clk 0:33:56]}  Qe1+ {[%clk 0:14:29]} 61. Qg1 {[%clk 0:33:35]}  Qe4+ {[%clk 0:14:49]} 62. Qg2 {[%clk 0:33:59]}  Qxh4+ {[%clk 0:15:05]} 63. Kg1 {[%clk 0:34:17]}  Qf4 {[%clk 0:14:33]} 64. Qf3 {[%clk 0:34:31]}  Qd2 {[%clk 0:14:08]} 65. Qxd5 {[%clk 0:33:52]}  Qe1+ {[%clk 0:11:39]} 66. Kh2 {[%clk 0:33:39]}  Qf2+ {[%clk 0:11:35]} 67. Qg2 {[%clk 0:34:04]}  Qe1 {[%clk 0:11:35]} 68. Qf3 {[%clk 0:33:56]}  Kg7 {[%clk 0:11:08]} 69. Qe3 {[%clk 0:33:15]}  Qd1 {[%clk 0:06:39]} 70. Rg1 {[%clk 0:32:45]}  Qc2+ {[%clk 0:06:38]} 71. Rg2 {[%clk 0:33:08]}  Qd1 {[%clk 0:06:30]} 72. d5 {[%clk 0:33:07]}  Kh7 {[%clk 0:06:31]} 73. Qd4 {[%clk 0:33:15]} 1-0

[Event "45th FIDE Chess Olympiad Open"]
[Site "Budapest, Hungary"]
[Date "2024.09.21"]
[Round "10"]
[White "Kawuma, Patrick"]
[Black "OSUNFUYI, Abimbola"]
[Result "1-0"]
[Board "202"]
[WhiteFideId "10000127"]
[BlackFideId "8502439"]
[WhiteTitle "FM"]
[BlackTitle "FM"]
[WhiteElo "2207"]
[BlackElo "2164"]
[WhiteTeam "Uganda"]
[BlackTeam "Nigeria"]
[WhiteClock "0:15:17"]
[BlackClock "0:01:24"]
[Variant "Standard"]

1. c4 {[%clk 1:30:55]}  Nf6 {[%clk 1:29:43]} 2. g3 {[%clk 1:30:52]}  e6 {[%clk 1:30:07]} 3. Nf3 {[%clk 1:30:38]}  d5 {[%clk 1:30:17]} 4. d4 {[%clk 1:30:48]}  Be7 {[%clk 1:30:39]} 5. Bg2 {[%clk 1:31:12]}  O-O {[%clk 1:31:01]} 6. O-O {[%clk 1:31:28]}  dxc4 {[%clk 1:31:17]} 7. Qc2 {[%clk 1:28:59]}  b5 {[%clk 1:29:10]} 8. a4 {[%clk 1:28:59]}  b4 {[%clk 1:26:36]} 9. Nbd2 {[%clk 1:18:34]}  Bb7 {[%clk 1:19:09]} 10. Nxc4 {[%clk 1:18:46]}  Be4 {[%clk 1:17:55]} 11. Qd2 {[%clk 1:13:10]}  Nbd7 {[%clk 1:14:12]} 12. b3 {[%clk 1:10:24]}  c5 {[%clk 1:13:51]} 13. Bb2 {[%clk 1:10:33]}  cxd4 {[%clk 1:14:08]} 14. Nxd4 {[%clk 1:10:20]}  Bxg2 {[%clk 1:09:01]} 15. Kxg2 {[%clk 1:10:45]}  Nb6 {[%clk 1:09:16]} 16. Nxb6 {[%clk 0:43:38]}  Qxb6 {[%clk 1:07:45]} 17. Rac1 {[%clk 0:38:59]}  Rad8 {[%clk 1:04:30]} 18. Qf4 {[%clk 0:38:36]}  Nd5 {[%clk 1:00:43]} 19. Qf3 {[%clk 0:38:36]}  Bf6 {[%clk 0:59:19]} 20. a5 {[%clk 0:31:21]}  Qb7 {[%clk 0:36:35]} 21. e4 {[%clk 0:26:25]}  Bxd4 {[%clk 0:34:34]} 22. Bxd4 {[%clk 0:26:43]}  Nf4+ {[%clk 0:35:01]} 23. Qxf4 {[%clk 0:26:57]}  Rxd4 {[%clk 0:35:14]} 24. Rc7 {[%clk 0:27:05]}  Qa6 {[%clk 0:30:26]} 25. Qe5 {[%clk 0:22:55]}  Qd3 {[%clk 0:27:31]} 26. Re1 {[%clk 0:22:45]}  Rfd8 {[%clk 0:17:21]} 27. Rxa7 {[%clk 0:21:49]}  h6 {[%clk 0:16:27]} 28. Re3 {[%clk 0:19:12]}  Qc2 {[%clk 0:11:11]} 29. Rf3 {[%clk 0:16:05]}  Rxe4 {[%clk 0:03:08]} 30. Qh5 {[%clk 0:16:14]}  Kh8 {[%clk 0:02:41]} 31. Rfxf7 {[%clk 0:14:16]}  Qc6 {[%clk 0:01:25]} 32. Qf3 {[%clk 0:14:31]}  Rd3 {[%clk 0:01:07]} 33. Rf8+ {[%clk 0:14:50]}  Kh7 {[%clk 0:01:24]} 34. Qxd3 {[%clk 0:15:17]} 1-0

[Event "45th FIDE Chess Olympiad Open"]
[Site "Budapest, Hungary"]
[Date "2024.09.21"]
[Round "10"]
[White "Ofowino, Toritsemuwa"]
[Black "Egesa emmanuel"]
[Result "0-1"]
[Board "203"]
[WhiteFideId "8504377"]
[BlackFideId "10009019"]
[BlackTitle "CM"]
[WhiteElo "2020"]
[BlackElo "2128"]
[WhiteTeam "Nigeria"]
[BlackTeam "Uganda"]
[WhiteClock "0:10:14"]
[BlackClock "0:03:08"]
[Variant "Standard"]

1. d4 {[%clk 1:30:50]}  Nf6 {[%clk 1:30:29]} 2. Nf3 {[%clk 1:31:11]}  d5 {[%clk 1:30:46]} 3. c3 {[%clk 1:31:14]}  Bf5 {[%clk 1:30:58]} 4. Qb3 {[%clk 1:31:03]}  Qc8 {[%clk 1:31:21]} 5. c4 {[%clk 1:30:53]}  dxc4 {[%clk 1:31:35]} 6. Qxc4 {[%clk 1:31:12]}  e6 {[%clk 1:32:00]} 7. g3 {[%clk 1:31:12]}  Nc6 {[%clk 1:32:06]} 8. Bg2 {[%clk 1:30:24]}  Nb4 {[%clk 1:32:26]} 9. Na3 {[%clk 1:30:02]}  Be4 {[%clk 1:32:22]} 10. Nh4 {[%clk 1:20:18]}  Bd5 {[%clk 1:16:53]} 11. Bxd5 {[%clk 1:20:33]}  exd5 {[%clk 1:17:20]} 12. Qb3 {[%clk 1:20:15]}  c6 {[%clk 1:16:05]} 13. Bd2 {[%clk 1:07:01]}  Na6 {[%clk 1:10:45]} 14. O-O {[%clk 1:03:33]}  Be7 {[%clk 1:05:50]} 15. Bg5 {[%clk 1:02:07]}  O-O {[%clk 1:03:14]} 16. Qf3 {[%clk 0:57:07]}  Qe6 {[%clk 0:53:46]} 17. Ng2 {[%clk 0:50:03]}  h6 {[%clk 0:51:08]} 18. Bxf6 {[%clk 0:50:24]}  Bxf6 {[%clk 0:50:23]} 19. Nc2 {[%clk 0:50:31]}  Nc7 {[%clk 0:47:12]} 20. Nf4 {[%clk 0:41:58]}  Qd6 {[%clk 0:47:09]} 21. Rac1 {[%clk 0:35:40]}  Ne6 {[%clk 0:38:17]} 22. e3 {[%clk 0:33:58]}  a5 {[%clk 0:34:15]} 23. Ne1 {[%clk 0:33:04]}  Bg5 {[%clk 0:31:23]} 24. Nfd3 {[%clk 0:32:08]}  Rfe8 {[%clk 0:28:39]} 25. Rc2 {[%clk 0:32:15]}  Be7 {[%clk 0:25:53]} 26. Ne5 {[%clk 0:30:44]}  Ng5 {[%clk 0:25:23]} 27. Qh5 {[%clk 0:29:31]}  Bf8 {[%clk 0:21:45]} 28. N1d3 {[%clk 0:27:58]}  g6 {[%clk 0:20:48]} 29. Qd1 {[%clk 0:28:03]}  Bg7 {[%clk 0:20:58]} 30. Kg2 {[%clk 0:22:41]}  Re7 {[%clk 0:17:35]} 31. Nf3 {[%clk 0:22:42]}  Qe6 {[%clk 0:16:46]} 32. Nxg5 {[%clk 0:14:54]}  hxg5 {[%clk 0:17:13]} 33. Nc5 {[%clk 0:14:40]}  Qf5 {[%clk 0:15:59]} 34. h3 {[%clk 0:13:34]}  Bf6 {[%clk 0:15:02]} 35. Rc3 {[%clk 0:11:24]}  Kg7 {[%clk 0:12:59]} 36. Qg4 {[%clk 0:11:07]}  Qxg4 {[%clk 0:10:45]} 37. hxg4 {[%clk 0:11:16]}  Rc7 {[%clk 0:10:46]} 38. Na4 {[%clk 0:09:03]}  Be7 {[%clk 0:09:49]} 39. Rfc1 {[%clk 0:09:17]}  Ra6 {[%clk 0:06:49]} 40. R3c2 {[%clk 0:09:04]}  Rd7 {[%clk 0:06:16]} 41. a3 {[%clk 0:04:54]}  Rd8 {[%clk 0:05:36]} 42. Rh1 {[%clk 0:02:40]}  Rb8 {[%clk 0:04:08]} 43. Rhc1 {[%clk 0:02:32]}  Kf6 {[%clk 0:03:36]} 44. Nc5 {[%clk 0:01:52]}  Bxc5 {[%clk 0:03:53]} 45. Rxc5 {[%clk 0:02:17]}  a4 {[%clk 0:03:58]} 46. R1c3 {[%clk 0:01:08]}  Rba8 {[%clk 0:01:08]} 47. Kf3 {[%clk 0:27:19]}  Rb6 {[%clk 0:29:38]} 48. Rc2 {[%clk 0:25:27]}  Rb3 {[%clk 0:29:00]} 49. R5c3 {[%clk 0:25:37]}  Rb5 {[%clk 0:29:03]} 50. Rc5 {[%clk 0:25:48]}  Raa5 {[%clk 0:25:55]} 51. Rxb5 {[%clk 0:25:46]}  Rxb5 {[%clk 0:26:21]} 52. Ke2 {[%clk 0:26:12]}  Ke6 {[%clk 0:25:50]} 53. Kd2 {[%clk 0:26:39]}  Kd6 {[%clk 0:25:07]} 54. Kc3 {[%clk 0:20:52]}  Rb3+ {[%clk 0:25:21]} 55. Kd2 {[%clk 0:21:18]}  b6 {[%clk 0:23:38]} 56. Kc1 {[%clk 0:21:02]}  c5 {[%clk 0:23:49]} 57. Rc3 {[%clk 0:20:57]}  Rb5 {[%clk 0:15:16]} 58. Rd3 {[%clk 0:19:05]}  c4 {[%clk 0:10:44]} 59. Rc3 {[%clk 0:19:12]}  Ra5 {[%clk 0:11:09]} 60. Kd2 {[%clk 0:18:29]}  Ra8 {[%clk 0:06:19]} 61. Rc1 {[%clk 0:17:39]}  Rh8 {[%clk 0:06:28]} 62. Kc3 {[%clk 0:14:16]}  Rh2 {[%clk 0:05:39]} 63. Rc2 {[%clk 0:14:15]}  b5 {[%clk 0:05:58]} 64. Kb4 {[%clk 0:14:33]}  Kc6 {[%clk 0:06:20]} 65. Ka5 {[%clk 0:14:47]}  f5 {[%clk 0:05:50]} 66. gxf5 {[%clk 0:15:07]}  gxf5 {[%clk 0:06:15]} 67. Kb4 {[%clk 0:14:20]}  g4 {[%clk 0:05:55]} 68. Kc3 {[%clk 0:13:05]}  Kb6 {[%clk 0:06:12]} 69. Rd2 {[%clk 0:12:39]}  Ka5 {[%clk 0:06:26]} 70. Kc2 {[%clk 0:10:50]}  b4 {[%clk 0:06:15]} 71. Re2 {[%clk 0:09:52]}  Rh1 {[%clk 0:05:17]} 72. Rd2 {[%clk 0:10:11]}  Rf1 {[%clk 0:04:49]} 73. axb4+ {[%clk 0:10:08]}  Kxb4 {[%clk 0:05:15]} 74. Re2 {[%clk 0:10:13]}  Ra1 {[%clk 0:03:54]} 75. Rd2 {[%clk 0:10:10]}  a3 {[%clk 0:03:47]} 76. bxa3+ {[%clk 0:09:43]}  Kxa3 {[%clk 0:02:36]} 77. Kc3 {[%clk 0:09:50]}  Rc1 {[%clk 0:02:06]} 78. Rc2 {[%clk 0:10:04]}  Rxc2 {[%clk 0:02:16]} 79. Kxc2 {[%clk 0:10:29]}  Kb4 {[%clk 0:02:21]} 80. Kb2 {[%clk 0:10:43]}  c3+ {[%clk 0:02:45]} 81. Kc1 {[%clk 0:10:55]}  Kb3 {[%clk 0:02:14]} 82. Kb1 {[%clk 0:09:50]}  c2+ {[%clk 0:02:41]} 83. Kc1 {[%clk 0:10:14]}  Kc3 {[%clk 0:03:08]} 0-1

[Event "45th FIDE Chess Olympiad Open"]
[Site "Budapest, Hungary"]
[Date "2024.09.21"]
[Round "10"]
[White "Nsubuga, Haruna"]
[Black "QUICKPEN, Deborah Ebimobo-ere"]
[Result "0-1"]
[Board "204"]
[WhiteFideId "10000569"]
[BlackFideId "8511616"]
[WhiteTitle "FM"]
[BlackTitle "WCM"]
[WhiteElo "2243"]
[BlackElo "1918"]
[WhiteTeam "Uganda"]
[BlackTeam "Nigeria"]
[WhiteClock "0:00:31"]
[BlackClock "1:14:11"]
[Variant "Standard"]

1. e4 {[%clk 1:30:57]}  c5 {[%clk 1:30:50]} 2. Nf3 {[%clk 1:31:22]}  Nc6 {[%clk 1:31:04]} 3. d4 {[%clk 1:31:48]}  cxd4 {[%clk 1:31:19]} 4. Nxd4 {[%clk 1:32:17]}  g6 {[%clk 1:31:42]} 5. Nxc6 {[%clk 1:31:50]}  bxc6 {[%clk 1:32:03]} 6. Qd4 {[%clk 1:32:14]}  Nf6 {[%clk 1:31:21]} 7. e5 {[%clk 1:32:40]}  Nh5 {[%clk 1:30:19]} 8. Nc3 {[%clk 1:28:21]}  Ng7 {[%clk 1:29:53]} 9. Bd3 {[%clk 1:24:58]}  Ne6 {[%clk 1:29:50]} 10. Qh4 {[%clk 1:25:04]}  Bg7 {[%clk 1:28:52]} 11. f4 {[%clk 1:25:00]}  d6 {[%clk 1:25:53]} 12. exd6 {[%clk 1:24:57]}  exd6 {[%clk 1:24:58]} 13. Qxd8+ {[%clk 1:25:05]}  Kxd8 {[%clk 1:24:57]} 14. Ne4 {[%clk 1:24:06]}  Kc7 {[%clk 1:24:01]} 15. c3 {[%clk 1:22:43]}  c5 {[%clk 1:20:40]} 16. Be3 {[%clk 1:18:55]}  Bb7 {[%clk 1:18:58]} 17. O-O {[%clk 1:13:44]}  f5 {[%clk 1:15:25]} 18. Nd2 {[%clk 1:13:57]}  Rhe8 {[%clk 1:13:19]} 19. Kf2 {[%clk 1:11:48]}  a5 {[%clk 1:09:00]} 20. Rad1 {[%clk 1:09:48]}  Bc6 {[%clk 1:06:33]} 21. Nc4 {[%clk 1:04:57]}  d5 {[%clk 1:03:53]} 22. Ne5 {[%clk 1:04:24]}  Nxf4 {[%clk 1:03:19]} 23. Bxf4 {[%clk 0:56:33]}  Bxe5 {[%clk 1:03:37]} 24. Be3 {[%clk 0:56:45]}  Bd6 {[%clk 1:03:23]} 25. b3 {[%clk 0:56:30]}  a4 {[%clk 1:03:38]} 26. b4 {[%clk 0:55:09]}  cxb4 {[%clk 1:01:50]} 27. cxb4 {[%clk 0:55:33]}  Bxb4 {[%clk 1:01:26]} 28. Rb1 {[%clk 0:56:00]}  Rab8 {[%clk 1:00:45]} 29. Rfc1 {[%clk 0:56:08]}  Kd7 {[%clk 1:00:15]} 30. Ba7 {[%clk 0:53:25]}  Rb7 {[%clk 1:00:04]} 31. Bd4 {[%clk 0:52:42]}  Reb8 {[%clk 0:59:35]} 32. Rc2 {[%clk 0:49:47]}  Bd6 {[%clk 0:54:59]} 33. Rxb7+ {[%clk 0:49:01]}  Rxb7 {[%clk 0:55:11]} 34. h4 {[%clk 0:48:47]}  Rb4 {[%clk 0:54:52]} 35. Bf6 {[%clk 0:47:57]}  Bb5 {[%clk 0:54:50]} 36. Bxb5+ {[%clk 0:45:58]}  Rxb5 {[%clk 0:55:06]} 37. Kf3 {[%clk 0:39:29]}  Rb4 {[%clk 0:53:58]} 38. Bg5 {[%clk 0:38:13]}  a3 {[%clk 0:52:41]} 39. Rd2 {[%clk 0:36:01]}  d4 {[%clk 0:50:58]} 40. Rd1 {[%clk 0:24:28]}  Bc5 {[%clk 0:49:12]} 41. h5 {[%clk 0:22:47]}  Rb2 {[%clk 0:49:02]} 42. Rc1 {[%clk 0:17:20]}  Bb6 {[%clk 0:45:33]} 43. Re1 {[%clk 0:16:59]}  Bc5 {[%clk 0:43:58]} 44. Re5 {[%clk 0:17:18]}  Kc6 {[%clk 0:43:11]} 45. Be7 {[%clk 0:14:09]}  Bxe7 {[%clk 0:41:37]} 46. Rxe7 {[%clk 0:14:37]}  gxh5 {[%clk 0:41:39]} 47. Rxh7 {[%clk 0:15:05]}  Rxa2 {[%clk 0:41:59]} 48. Rh6+ {[%clk 0:15:10]}  Kc5 {[%clk 0:42:21]} 49. Rxh5 {[%clk 0:15:35]}  Rb2 {[%clk 0:42:31]} 50. Rxf5+ {[%clk 0:15:49]}  Kc4 {[%clk 0:42:57]} 51. Ra5 {[%clk 0:16:03]}  a2 {[%clk 0:43:01]} 52. Ra8 {[%clk 0:10:07]}  d3 {[%clk 0:42:53]} 53. Rc8+ {[%clk 0:20:55]}  Kb3 {[%clk 1:13:09]} 54. Ra8 {[%clk 0:21:01]}  Kc2 {[%clk 1:13:10]} 55. Rc8+ {[%clk 0:03:06]}  Kb1 {[%clk 1:13:24]} 56. Rd8 {[%clk 0:01:23]}  a1=Q {[%clk 1:13:29]} 57. Rxd3 {[%clk 0:01:46]}  Qa8+ {[%clk 1:13:45]} 58. Ke3 {[%clk 0:01:06]}  Qxg2 {[%clk 1:13:52]} 59. Rd6 {[%clk 0:00:31]}  Qg3+ {[%clk 1:14:11]} 0-1

[Event "45th FIDE Chess Olympiad Open"]
[Site "Budapest, Hungary"]
[Date "2024.09.21"]
[Round "10"]
[White "Laohawirapap, Prin"]
[Black "Mesfin, Leykun"]
[Result "1-0"]
[Board "205"]
[WhiteFideId "6205003"]
[BlackFideId "15700097"]
[WhiteTitle "IM"]
[BlackTitle "FM"]
[WhiteElo "2380"]
[BlackElo "2118"]
[WhiteTeam "Thailand"]
[BlackTeam "Ethiopia"]
[WhiteClock "0:08:17"]
[BlackClock "0:14:07"]
[Variant "Standard"]

1. e4 {[%clk 1:30:55]}  c5 {[%clk 1:29:43]} 2. Nc3 {[%clk 1:31:12]}  e6 {[%clk 1:30:01]} 3. f4 {[%clk 1:31:30]}  Nc6 {[%clk 1:29:03]} 4. Nf3 {[%clk 1:31:17]}  Nge7 {[%clk 1:29:05]} 5. g3 {[%clk 1:29:52]}  g6 {[%clk 1:24:32]} 6. e5 {[%clk 1:24:50]}  Bg7 {[%clk 1:20:30]} 7. Ne4 {[%clk 1:23:26]}  O-O {[%clk 1:20:48]} 8. Bg2 {[%clk 1:09:45]}  b6 {[%clk 1:13:01]} 9. O-O {[%clk 1:07:16]}  Rb8 {[%clk 1:09:09]} 10. d3 {[%clk 0:58:09]}  d5 {[%clk 1:00:25]} 11. Nf6+ {[%clk 0:50:34]}  Kh8 {[%clk 0:58:46]} 12. g4 {[%clk 0:47:27]}  d4 {[%clk 0:52:44]} 13. Ng5 {[%clk 0:27:34]}  Bxf6 {[%clk 0:45:19]} 14. exf6 {[%clk 0:27:55]}  Nd5 {[%clk 0:45:41]} 15. Ne4 {[%clk 0:28:06]}  Bb7 {[%clk 0:42:16]} 16. g5 {[%clk 0:22:23]}  Ne3 {[%clk 0:34:57]} 17. Bxe3 {[%clk 0:21:59]}  dxe3 {[%clk 0:35:24]} 18. c3 {[%clk 0:14:33]}  Ba6 {[%clk 0:26:14]} 19. Re1 {[%clk 0:13:04]}  Qxd3 {[%clk 0:23:04]} 20. Qf3 {[%clk 0:07:36]}  e2 {[%clk 0:22:52]} 21. Qxd3 {[%clk 0:07:50]}  Bxd3 {[%clk 0:23:17]} 22. Nf2 {[%clk 0:08:12]}  Ba6 {[%clk 0:15:48]} 23. Bxc6 {[%clk 0:08:33]}  Rfd8 {[%clk 0:16:12]} 24. Bf3 {[%clk 0:07:10]}  Rd2 {[%clk 0:16:29]} 25. b3 {[%clk 0:07:30]}  h6 {[%clk 0:15:16]} 26. gxh6 {[%clk 0:06:53]}  Kh7 {[%clk 0:15:30]} 27. Ne4 {[%clk 0:06:54]}  Rc2 {[%clk 0:15:11]} 28. Ng5+ {[%clk 0:07:15]}  Kxh6 {[%clk 0:15:04]} 29. Nxf7+ {[%clk 0:07:40]}  Kh7 {[%clk 0:15:25]} 30. Ng5+ {[%clk 0:08:01]}  Kg8 {[%clk 0:15:43]} 31. c4 {[%clk 0:07:39]}  Bc8 {[%clk 0:13:40]} 32. Rxe2 {[%clk 0:07:53]}  Rxe2 {[%clk 0:14:07]} 33. Bxe2 {[%clk 0:08:17]} 1-0

[Event "45th FIDE Chess Olympiad Open"]
[Site "Budapest, Hungary"]
[Date "2024.09.21"]
[Round "10"]
[White "Tsige, Addisalem Temesgen"]
[Black "Kulpruethanon, Thanadon"]
[Result "0-1"]
[Board "206"]
[WhiteFideId "15700160"]
[BlackFideId "6201610"]
[BlackTitle "FM"]
[WhiteElo "2068"]
[BlackElo "2286"]
[WhiteTeam "Ethiopia"]
[BlackTeam "Thailand"]
[WhiteClock "0:19:22"]
[BlackClock "0:17:38"]
[Variant "Standard"]

1. d4 {[%clk 1:30:53]}  Nf6 {[%clk 1:30:52]} 2. Bf4 {[%clk 1:31:12]}  d5 {[%clk 1:31:14]} 3. e3 {[%clk 1:31:28]}  c5 {[%clk 1:31:33]} 4. c3 {[%clk 1:31:43]}  Nc6 {[%clk 1:31:51]} 5. Nd2 {[%clk 1:32:04]}  Bf5 {[%clk 1:32:00]} 6. Qb3 {[%clk 1:31:36]}  Qd7 {[%clk 1:31:52]} 7. Ngf3 {[%clk 1:31:38]}  c4 {[%clk 1:31:51]} 8. Qd1 {[%clk 1:31:21]}  e6 {[%clk 1:32:09]} 9. Nh4 {[%clk 1:30:37]}  Bd6 {[%clk 1:32:09]} 10. Nxf5 {[%clk 1:29:35]}  exf5 {[%clk 1:32:22]} 11. Be2 {[%clk 1:27:49]}  O-O {[%clk 1:30:55]} 12. O-O {[%clk 1:28:02]}  Rfe8 {[%clk 1:30:26]} 13. Nf3 {[%clk 1:27:43]}  b5 {[%clk 1:27:03]} 14. Re1 {[%clk 1:24:33]}  Ne4 {[%clk 1:24:35]} 15. Bxd6 {[%clk 1:23:30]}  Qxd6 {[%clk 1:24:20]} 16. Nd2 {[%clk 1:22:54]}  Nf6 {[%clk 1:22:49]} 17. b3 {[%clk 1:21:14]}  g6 {[%clk 1:18:21]} 18. a4 {[%clk 1:19:13]}  a6 {[%clk 1:17:55]} 19. Bf3 {[%clk 1:19:23]}  Na5 {[%clk 1:11:42]} 20. b4 {[%clk 1:07:17]}  Nb7 {[%clk 1:11:09]} 21. Qc2 {[%clk 1:05:57]}  Qc6 {[%clk 1:07:49]} 22. Ra2 {[%clk 1:02:21]}  Nd6 {[%clk 1:07:36]} 23. Rea1 {[%clk 1:01:58]}  Re6 {[%clk 1:05:31]} 24. axb5 {[%clk 0:59:52]}  Nxb5 {[%clk 1:05:44]} 25. Ra5 {[%clk 0:59:25]}  Rae8 {[%clk 0:56:33]} 26. g3 {[%clk 0:59:00]}  h5 {[%clk 0:55:51]} 27. Nb1 {[%clk 0:57:56]}  h4 {[%clk 0:55:19]} 28. Kg2 {[%clk 0:54:40]}  Kg7 {[%clk 0:52:45]} 29. Qa4 {[%clk 0:54:46]}  g5 {[%clk 0:49:49]} 30. Rxa6 {[%clk 0:51:45]}  Qxa6 {[%clk 0:46:20]} 31. Qxa6 {[%clk 0:49:29]}  Rxa6 {[%clk 0:46:43]} 32. Rxa6 {[%clk 0:49:29]}  g4 {[%clk 0:46:42]} 33. Bd1 {[%clk 0:47:48]}  h3+ {[%clk 0:46:35]} 34. Kf1 {[%clk 0:46:10]}  Rb8 {[%clk 0:34:42]} 35. Bc2 {[%clk 0:45:07]}  Kg6 {[%clk 0:34:26]} 36. Ba4 {[%clk 0:36:12]}  Nc7 {[%clk 0:31:16]} 37. Ra7 {[%clk 0:34:56]}  Ne6 {[%clk 0:30:43]} 38. Bc6 {[%clk 0:34:23]}  Rb6 {[%clk 0:25:32]} 39. Ba4 {[%clk 0:33:56]}  Ng5 {[%clk 0:24:58]} 40. Bd1 {[%clk 0:29:16]}  Nfe4 {[%clk 0:22:56]} 41. Ra5 {[%clk 0:20:09]}  Rd6 {[%clk 0:22:45]} 42. b5 {[%clk 0:20:10]}  Kf6 {[%clk 0:20:42]} 43. Ra6 {[%clk 0:19:08]}  Ke7 {[%clk 0:17:40]} 44. b6 {[%clk 0:11:20]}  Kd7 {[%clk 0:16:57]} 45. Na3 {[%clk 0:09:28]}  Kc6 {[%clk 0:13:07]} 46. Nc2 {[%clk 0:04:39]}  Kb7 {[%clk 0:11:21]} 47. Nb4 {[%clk 0:04:08]}  Nxc3 {[%clk 0:09:41]} 48. Bc2 {[%clk 0:03:58]}  Rxb6 {[%clk 0:02:41]} 49. Rxb6+ {[%clk 0:04:12]}  Kxb6 {[%clk 0:03:08]} 50. Bxf5 {[%clk 0:04:26]}  Nf3 {[%clk 0:03:15]} 51. Nc2 {[%clk 0:00:39]}  Nxh2+ {[%clk 0:29:40]} 52. Kg1 {[%clk 0:30:49]}  Nf3+ {[%clk 0:30:02]} 53. Kf1 {[%clk 0:29:16]}  Ne4 {[%clk 0:26:06]} 54. Bxe4 {[%clk 0:19:30]}  dxe4 {[%clk 0:23:15]} 55. Nb4 {[%clk 0:19:02]}  Nd2+ {[%clk 0:20:30]} 56. Kg1 {[%clk 0:19:23]}  Nb1 {[%clk 0:20:31]} 57. Nd5+ {[%clk 0:18:39]}  Kb5 {[%clk 0:19:09]} 58. Nf4 {[%clk 0:18:34]}  c3 {[%clk 0:17:46]} 59. Ne2 {[%clk 0:18:56]}  Kc4 {[%clk 0:17:43]} 60. Nc1 {[%clk 0:19:09]}  c2 {[%clk 0:17:57]} 61. Kh2 {[%clk 0:19:22]}  Nc3 {[%clk 0:17:38]} 0-1